10 Most Prolific U.S. Serial Killers - Statistics

General Stats
  • This quiz has been taken 27 times
  • The average score is 2 of 10
Answer Stats
Hint Answer % Correct
The Killer Clown; 33 victims John Wayne Gacy
100%
Green River Killer; 49 victims Gary Ridgway
36%
Candyman; responsible for the Houston Mass Murders; 29 victims Dean Corll
20%
The Gorilla Killer; 22 victims Earle Nelson
8%
Captured in 2012; 60 victims Samual Little
8%
The Bayou Strangler; 23 victims Ronald Dominique
4%
Killer Nurse; 29 victims Charles Cullen
0%
The OG Angel of Death; 37 victims Donald Harvey
0%
Arrested when a victim escaped; was imprisoned with Ted Bundy in FL; 23 victims Gerald Stano
0%
Buried victims in peach orchards in CA; 25 victims Juan Corona
0%
No matching quizzes found
Score Distribution
Percent of People with Each Score
Percentile by Number Answered
Your Score History
You have not taken this quiz